000 00396nam a2200157Ia 4500
003 LK-CoDNM
008 010623t1972 xxu||||| |||| 00| 1 eng d
040 _aLK-CoDNM
_dLK-CoDNM
_eLK-CoDNM
041 _aeng
080 _a22/28 JAY
100 _aJayekody,Marcelline.
245 _aLadylace and Carnations
260 _bThe Marian Bureau
_aBorella
_c1972
300 _b246p., 21 cm
942 _cBK
999 _c108741
_d108741